[Event "COL-ch U1800"]
[Site "Moniquira"]
[Date "2018.07.22"]
[Round "7"]
[White "Ramirez, Juan Andres"]
[Black "Moreno Marino, Juan Nicolas"]
[Result "0-1"]
[WhiteElo "1336"]
[BlackElo "1546"]
[PlyCount "55"]
[EventDate "2018.07.19"]
[EventType "swiss"]
[EventRounds "7"]
[EventCountry "COL"]
[SourceTitle "CBM 187 Extra"]
[Source "ChessBase"]
[SourceDate "2018.11.04"]
[SourceVersion "1"]
[SourceVersionDate "2018.11.04"]
[SourceQuality "1"]

1. e4 d6 2. d4 g6 3. f4 Bg7 4. Nf3 c6 5. Bd3 Nd7 6. 0-0 Ngf6 7. c4 0-0 8. Nc3 e5 9. fxe5 dxe5 10. d5 cxd5 11. exd5 Re8 12. Qe1 Nc5 13. Bc2 e4 14. Nd2 Qb6 15. Kh1 Bd7 16. b3 e3 17. Nf3 Ng4 18. h3 Nf2+ 19. Kg1 Qb4 20. Na4 Qxe1 21. Rxe1 Nxa4 22. bxa4 Bxa1 23. Bxe3 Bc3 24. Bxf2 Bxe1 25. Nxe1 Re2 26. Bb3 Rae8 27. Nf3 Bf5 28. Nd4 0-1

[Event "COL-ch U1800"]
[Site "Moniquira"]
[Date "2018.07.21"]
[Round "4"]
[White "Ramirez, Juan Andres"]
[Black "Camargo, Edison"]
[Result "0-1"]
[WhiteElo "1336"]
[BlackElo "1607"]
[PlyCount "28"]
[EventDate "2018.07.19"]
[EventType "swiss"]
[EventRounds "7"]
[EventCountry "COL"]
[SourceTitle "CBM 187 Extra"]
[Source "ChessBase"]
[SourceDate "2018.11.04"]
[SourceVersion "1"]
[SourceVersionDate "2018.11.04"]
[SourceQuality "1"]

1. e4 c5 2. Nc3 d6 3. Bb5+ Bd7 4. Bxd7+ Qxd7 5. f4 e6 6. Nf3 Nc6 7. 0-0 Nf6 8. d3 Be7 9. e5 dxe5 10. fxe5 Nd5 11. Nxd5 Qxd5 12. Qe1 0-0 13. Qg3 Nd4 14. Bh6 Ne2+ 0-1

[Event "Bogota Mayores Alcaldia op 8th"]
[Site "Bogota"]
[Date "2018.06.09"]
[Round "3"]
[White "Ramirez, Juan Andres"]
[Black "Cardenas Angarita, Juan Pablo"]
[Result "0-1"]
[WhiteElo "1500"]
[BlackElo "1678"]
[PlyCount "22"]
[EventDate "2018.06.08"]
[EventType "swiss"]
[EventRounds "7"]
[EventCountry "COL"]
[SourceTitle "CBM 184 Extra"]
[Source "ChessBase"]
[SourceDate "2018.06.28"]
[SourceVersion "1"]
[SourceVersionDate "2018.06.28"]
[SourceQuality "1"]

1. e4 c6 2. d4 d5 3. Nc3 dxe4 4. Nxe4 Bf5 5. Ng3 Bg6 6. Nf3 Nd7 7. Bd3 Bxd3 8. Qxd3 Ngf6 9. Ne5 Nxe5 10. dxe5 Qa5+ 11. Bd2 Qxe5+ 0-1